000 00791nam a22002171 4500
001 180006
003 ES-MaACL
005 20250816063150.0
008 120316s1870 sp |||| | spa d
100 1 _aRobert, Roberto,
_d1827-1873
_997814
245 1 4 _aLos tiempos de Mari-Castaña /
_cpor Roberto Robert.
260 _aMadrid :
_b[s.n.],
_c1870 (
_fImp. á cargo de J.E. Morete)
300 _aXII, 350 p. ;
_c21 cm.
490 1 _aGalería popular
530 _aDisponible también en sitio web.
650 4 _aAnticlericalismo.
_99851
830 0 _aGalería popular
_9224581
852 _aES-MaACL
_jZ-201
_xOlim: G-5915
_d
_z.- Legado M. de La Fuente
856 _uhttp://cisne.sim.ucm.es/record=b2587127~S6*spi
_zIr a la página
999 _c180006
_d180006